[Event "Montevideo op 8th"]
[Site "Montevideo"]
[Date "2025.02.05"]
[Round "6"]
[White "Rubinstein, Eloi"]
[Black "Ramirez, Jose Antonio"]
[Result "1-0"]
[WhiteElo "1762"]
[BlackElo "1960"]
[PlyCount "113"]
[EventDate "2025.01.31"]
[EventType "swiss"]
[EventRounds "9"]
[EventCountry "URU"]
[SourceTitle "CB08_2025"]
[SourceDate "2025.02.19"]
[SourceVersion "1"]
[SourceVersionDate "2025.02.19"]
[SourceQuality "1"]

1. e4 c5 2. Nf3 d6 3. d4 cxd4 4. Nxd4 Nf6 5. Nc3 a6 6. Be2 e6 7. 0-0 Be7 8. Kh1 Qc7 9. a4 b6 10. f4 Bb7 11. Bf3 Nc6 12. Be3 Na5 13. Bg1 g6 14. Qe2 e5 15. fxe5 dxe5 16. Nb3 Nc4 17. Nd5 Nxd5 18. exd5 0-0-0 19. Qf2 f5 20. Be2 Bxd5 21. Bxc4 Bxc4 22. Rfe1 Kb7 23. a5 Bxb3 24. cxb3 Qc5 25. Qe2 Qb5 26. Qxb5 axb5 27. Rxe5 Bc5 28. Bxc5 bxc5 29. Rxc5 Ka6 30. Rc6+ Ka7 31. Rac1 Rd2 32. Rb6 Rhd8 33. h3 Rd1+ 34. Rxd1 Rxd1+ 35. Kh2 Rd2 36. b4 f4 37. Kg1 Rd5 38. Kf2 g5 39. Rh6 Rd2+ 40. Kf3 Rxb2 41. Rxh7+ Ka6 42. Rh6+ Ka7 43. Rg6 Rxb4 44. Rxg5 Ka6 45. h4 Kxa5 46. h5 Rc4 47. h6 Rc8 48. Kxf4 Ka4 49. Rg7 b4 50. Ra7+ Kb3 51. h7 Rh8 52. g4 Kc2 53. g5 b3 54. g6 b2 55. Ra2 Ra8 56. Rxb2+ Kxb2 57. g7 1-0

[Event "Montevideo op 8th"]
[Site "Montevideo"]
[Date "2025.02.03"]
[Round "4"]
[White "Diaz Rosas, Alvaro"]
[Black "Rubinstein, Eloi"]
[Result "0-1"]
[WhiteElo "1832"]
[BlackElo "1762"]
[PlyCount "122"]
[EventDate "2025.01.31"]
[EventType "swiss"]
[EventRounds "9"]
[EventCountry "URU"]
[SourceTitle "CB08_2025"]
[SourceDate "2025.02.19"]
[SourceVersion "1"]
[SourceVersionDate "2025.02.19"]
[SourceQuality "1"]

1. e4 c5 2. Nf3 e6 3. d4 cxd4 4. Nxd4 a6 5. Nc3 Qc7 6. Bd3 Nf6 7. f4 d6 8. Qf3 b5 9. g4 e5 10. Nf5 b4 11. Nd5 Nxd5 12. exd5 Nd7 13. Be3 g6 14. Ng3 Bg7 15. 0-0 0-0 16. f5 Bb7 17. Rad1 e4 18. Bxe4 Rae8 19. g5 f6 20. fxg6 hxg6 21. gxf6 Rxf6 22. Qg2 Rxf1+ 23. Rxf1 Nf6 24. Rf4 Nxe4 25. Rxe4 Rxe4 26. Qxe4 Qf7 27. Qe6 Bxd5 28. Qxf7+ Kxf7 29. a3 Bxb2 30. axb4 Bc3 31. Ne2 Bxb4 32. Nf4 Be4 33. Bc1 Bc5+ 34. Kf1 Bxc2 35. Ke2 Kf6 36. Kd2 Bf5 37. Kc3 Ke5 38. h4 a5 39. Kb3 Bb4 40. h5 gxh5 41. Nxh5 Bg4 42. Ng3 Bd1+ 43. Kb2 d5 44. Ka2 Be1 45. Nf1 d4 46. Nd2 Kd5 47. Nf1 Kc4 48. Kb2 Bc3+ 49. Kb1 a4 50. Nd2+ Kd3 51. Nf1 Ke2 52. Ng3+ Ke1 53. Ne4 Bb4 54. Kb2 d3 55. Bg5 Bb3 56. Bh4+ Ke2 57. Bg5 Kf3 58. Nd2+ Kg4 59. Bh6 Bd5 60. Be3 a3+ 61. Kb1 Bc3 0-1

[Event "Montevideo op 8th"]
[Site "Montevideo"]
[Date "2025.02.01"]
[Round "2"]
[White "Morales Neyra, Flora"]
[Black "Rubinstein, Eloi"]
[Result "0-1"]
[WhiteElo "1844"]
[BlackElo "1762"]
[PlyCount "66"]
[EventDate "2025.01.31"]
[EventType "swiss"]
[EventRounds "9"]
[EventCountry "URU"]
[SourceTitle "CB08_2025"]
[SourceDate "2025.02.19"]
[SourceVersion "1"]
[SourceVersionDate "2025.02.19"]
[SourceQuality "1"]

1. e4 c5 2. f4 d5 3. e5 Nc6 4. Nf3 e6 5. d4 cxd4 6. Nxd4 Bd7 7. Be3 Qb6 8. b3 Bc5 9. c3 Nge7 10. g4 Bxd4 11. cxd4 h5 12. Be2 Rc8 13. 0-0 Nb4 14. Na3 hxg4 15. Bxg4 Qa5 16. Bc1 Bb5 17. Rf3 Kd7 18. Nxb5 Qxb5 19. a4 Qb6 20. Rf2 Rc3 21. Rd2 Rhc8 22. Ba3 Nc2 23. Bc5 R8xc5 24. Rxc2 Rxc2 25. dxc5 Qxc5+ 26. Kh1 Qf2 27. Qg1 Qxf4 28. Qg3 Qe4+ 29. Bf3 Qh7 30. Bg2 Nf5 31. Qd3 a6 32. Kg1 Rxg2+ 33. Kxg2 Nh4+ 0-1